• 首页
  • 本馆介绍
  • 公告通知
  • 最新文献
  • 馆藏检索
  • 电子资源
  • 读者导购
  • 参考咨询
  • 我的图书馆
  • 登录
  • 详细信息显示
  • 放入我的书架
  • 预约/预借图书
  • 作者相关作品
  • 分类相关作品
  • 丛书相关作品
  • 出版社相关作品

书目信息

  • 表格格式
  • 工作单格式
  • 卡片格式
题名:
特种功能材料的性能分析及发展研究
    
 
作者: 白红存 著
分册:  
出版信息: 北京   中国水利水电出版社  2019
页数: 271页
开本: 24cm
丛书名:
单 册:
中图分类: TB39 , TB34
科图分类:
主题词: 特种材料--te zhong cai liao--功能材料--性能分析
电子资源:
ISBN: 978-7-5170-6923-2
000 01067nam0 2200265 450
001 012001000596
005 20131106132446.0
010    @a978-7-5170-6923-2@dCNY84.00
099    @aCAL 012019035259
100    @a20190115d2019 em y0chiy50 ea
101 0  @achi
102    @aCN@b110000
105    @aak a 000yy
106    @ar
200 1  @a特种功能材料的性能分析及发展研究@Ate zhong gong neng cai liao de xing neng fen xi ji fa zhan yan jiu@f白红存著
210    @a北京@c中国水利水电出版社@d2019
215    @a271页@c图@d24cm
320    @a有书目 (第269-271页)
330    @a本书对特种功能材料的性能及发展进行了研究, 主要内容包括无机功能材料、金属功能材料、纳米功能材料、光电磁功能聚合物材料、吸附与催化功能高分子材料、医药功能高分子材料、新型功能材料等。本书结构合理, 条理清晰, 内容丰富新颖, 是一本值得学习研究的著作, 可供相关人员参考使用。
606 0  @a特种材料@Ate zhong cai liao@x功能材料@x性能分析
690    @aTB39@v4
690    @aTB34@v4
701  0 @a白红存@Abai hong cun@4著
801  0 @aCN@b北京卓展文化@c20191020
905    @b1196451-3@dTB39@e475@f3
    
    特种功能材料的性能分析及发展研究/白红存著.-北京:中国水利水电出版社,2019
    271页:图;24cm
    
    
    ISBN 978-7-5170-6923-2:CNY84.00
    本书对特种功能材料的性能及发展进行了研究, 主要内容包括无机功能材料、金属功能材料、纳米功能材料、光电磁功能聚合物材料、吸附与催化功能高分子材料、医药功能高分子材料、新型功能材料等。本书结构合理, 条理清晰, 内容丰富新颖, 是一本值得学习研究的著作, 可供相关人员参考使用。
●
相关链接 在E读中查询图书 在五车中查询图书 在当当中查询图书 在豆瓣中查询图书


正题名:特种功能材料的性能分析及发展研究     索取号:TB39/475         预约/预借

序号 登录号 条形码 馆藏地/架位号 状态 备注
1 1196451   211964515   第二样本阅览室/ [索取号:TB39/475] 在馆    
2 1196452   211964524   第三借阅区/ [索取号:TB39/475] 在馆    
3 1196453   211964533   第三借阅区/ [索取号:TB39/475] 在馆    
唐山师范学院图书馆 欢迎您!
大连网信软件有限公司© 版权所有